[Event "TUR-chT 1st League"]
[Site "Denizli"]
[Date "2023.07.15"]
[Round "9.96"]
[White "Gezici, Omer Ata"]
[Black "Temizer, Umut"]
[Result "1-0"]
[WhiteElo "1793"]
[BlackElo "2116"]
[PlyCount "80"]
[EventDate "2023.07.09"]
[EventType "team-swiss"]
[EventRounds "9"]
[EventCountry "TUR"]
[SourceTitle "CBM 215 Extra"]
[Source "ChessBase"]
[SourceDate "2023.09.30"]
[SourceVersion "1"]
[SourceVersionDate "2023.09.30"]
[SourceQuality "1"]
[WhiteTeam "Bogazici Universitesi"]
[BlackTeam "Doktor Metin Surmeli"]
[WhiteTeamCountry "TUR"]
[BlackTeamCountry "TUR"]

1. e4 e5 2. Nf3 Nc6 3. Bc4 Nf6 4. d3 Bc5 5. 0-0 d6 6. c3 0-0 7. Bb3 a6 8. Nbd2 Ba7 9. h3 Be6 10. Re1 Qd7 11. Nf1 h6 12. Ng3 Rad8 13. Bc2 Rfe8 14. d4 exd4 15. cxd4 d5 16. e5 Ne4 17. Bf4 Nxg3 18. Bxg3 Ne7 19. Nh4 c5 20. Qd3 g6 21. Bf4 Kg7 22. Qd2 Rh8 23. Be3 cxd4 24. Bxd4 Bxd4 25. Qxd4 Nc6 26. Qf4 Qe7 27. Nf3 d4 28. Rad1 Nb4 29. Bb1 d3 30. Nd4 Rxd4 31. Qxd4 Rd8 32. Qc3 Rc8 33. Qa3 Qh4 34. Bxd3 Nd5 35. Be4 Nb6 36. Qf3 Rc7 37. b3 Qe7 38. Rd6 Nd7 39. Qf4 Rc5 40. Red1 Rxe5 1-0

[Event "TUR-chT 1st League"]
[Site "Konya"]
[Date "2022.08.25"]
[Round "6.10"]
[White "Civi, Ahmet Eren"]
[Black "Gezici, Omer Ata"]
[Result "0-1"]
[WhiteElo "1227"]
[BlackElo "1812"]
[PlyCount "76"]
[EventDate "2022.08.22"]
[EventType "team-swiss"]
[EventRounds "9"]
[EventCountry "TUR"]
[SourceTitle "CBM 209 Extra"]
[Source "ChessBase"]
[SourceDate "2022.09.30"]
[SourceVersion "1"]
[SourceVersionDate "2022.09.30"]
[SourceQuality "1"]
[WhiteTeam "Denizli Metin Surmeli"]
[BlackTeam "Bogazici Universitesi"]
[WhiteTeamCountry "TUR"]
[BlackTeamCountry "TUR"]

1. d4 d5 2. Bf4 c5 3. e3 Nc6 4. c4 cxd4 5. exd4 e6 6. Nc3 a6 7. Nf3 Nf6 8. Qb3 Na5 9. Qc2 Nxc4 10. Bxc4 dxc4 11. Qa4+ b5 12. Qc2 Bb7 13. 0-0-0 Nd5 14. Nxd5 Bxd5 15. Bd2 Be7 16. a3 a5 17. Be1 0-0 18. Kd2 Bxf3 19. gxf3 Qxd4+ 20. Ke2 Qe5+ 21. Kf1 Qf4 22. Qe4 Qxe4 23. fxe4 b4 24. Rd7 bxa3 25. bxa3 Bxa3 26. Bc3 Bb4 27. Bxb4 axb4 28. Ke2 Rfd8 29. Rhd1 Rxd7 30. Rxd7 Rc8 31. Rb7 b3 32. Kd1 g5 33. Rb5 h6 34. Kc1 Ra8 35. Rc5 Ra1+ 36. Kb2 Ra2+ 37. Kb1 Rxf2 38. Rxc4 Rxh2 0-1

[Event "TUR-chT 1st League"]
[Site "Konya"]
[Date "2022.08.25"]
[Round "5.10"]
[White "Domurcak, Doruk"]
[Black "Gezici, Omer Ata"]
[Result "1-0"]
[WhiteElo "1332"]
[BlackElo "1812"]
[PlyCount "35"]
[EventDate "2022.08.22"]
[EventType "team-swiss"]
[EventRounds "9"]
[EventCountry "TUR"]
[SourceTitle "CBM 209 Extra"]
[Source "ChessBase"]
[SourceDate "2022.09.30"]
[SourceVersion "1"]
[SourceVersionDate "2022.09.30"]
[SourceQuality "1"]
[WhiteTeam "Salihli Sardes"]
[BlackTeam "Bogazici Universitesi"]
[WhiteTeamCountry "TUR"]
[BlackTeamCountry "TUR"]

1. e4 c5 2. Nf3 g6 3. d4 cxd4 4. Nxd4 Nc6 5. Be3 Nf6 6. f3 d5 7. Bb5 Qc7 8. exd5 Qe5 9. dxc6 Qxe3+ 10. Ne2 b6 11. c7+ Bd7 12. Bxd7+ Nxd7 13. Qd5 Rc8 14. Qb7 Rxc7 15. Qxc7 e5 16. Qc8+ Ke7 17. Qc3 Qg5 18. 0-0 1-0

[Event "Istanbul op-B"]
[Site "Istanbul"]
[Date "2018.09.08"]
[Round "9"]
[White "Gezici, Omer Ata"]
[Black "Ocakacan, Deniz"]
[Result "1-0"]
[WhiteElo "1736"]
[BlackElo "1650"]
[PlyCount "55"]
[EventDate "2018.09.02"]
[EventType "swiss"]
[EventRounds "9"]
[EventCountry "TUR"]
[SourceTitle "CBM 186 Extra"]
[Source "ChessBase"]
[SourceDate "2018.08.24"]
[SourceVersion "1"]
[SourceVersionDate "2018.08.24"]
[SourceQuality "1"]

1. e4 c5 2. Nf3 d6 3. Bb5+ Nd7 4. 0-0 Ngf6 5. Re1 a6 6. Bd3 b5 7. c4 g5 8. Nxg5 Ne5 9. Bf1 bxc4 10. d4 cxd3 11. f4 Nc6 12. Bxd3 h6 13. Nf3 Qb6 14. Na3 Na5 15. e5 dxe5 16. fxe5 Nd5 17. Be4 e6 18. Bxd5 exd5 19. Qxd5 Bb7 20. Qd1 Rg8 21. e6 fxe6 22. Nh4 c4+ 23. Be3 Qc6 24. Qh5+ Ke7 25. Re2 Qd5 26. Ng6+ Ke8 27. Ne5+ Kd8 28. Bb6+ 1-0

[Event "Istanbul op-B"]
[Site "Istanbul"]
[Date "2018.09.05"]
[Round "6"]
[White "Bayramov, Araz"]
[Black "Gezici, Omer Ata"]
[Result "1/2-1/2"]
[WhiteElo "1750"]
[BlackElo "1736"]
[PlyCount "102"]
[EventDate "2018.09.02"]
[EventType "swiss"]
[EventRounds "9"]
[EventCountry "TUR"]
[SourceTitle "CBM 186 Extra"]
[Source "ChessBase"]
[SourceDate "2018.08.24"]
[SourceVersion "1"]
[SourceVersionDate "2018.08.24"]
[SourceQuality "1"]

1. d4 d5 2. Bf4 Nf6 3. Nf3 c5 4. e3 Nc6 5. c3 Qb6 6. b3 Bf5 7. Bd3 Bxd3 8. Qxd3 e6 9. 0-0 Be7 10. Nbd2 0-0 11. Ne5 cxd4 12. exd4 Nxe5 13. Bxe5 Rac8 14. Rfe1 Nd7 15. Bf4 Qa5 16. c4 Bf6 17. Nf3 Qa6 18. Rec1 Nb6 19. Nd2 Rfd8 20. Be3 e5 21. dxe5 Bxe5 22. Bxb6 Qxb6 23. Rab1 Bf4 24. cxd5 Rxc1+ 25. Rxc1 Qh6 26. Rc2 Qxh2+ 27. Kf1 Qh1+ 28. Ke2 Qxg2 29. Qe4 Qxe4+ 30. Nxe4 f5 31. Kf3 Be5 32. Ng3 f4 33. Ne2 g5 34. Ke4 Bd6 35. Kf5 Be7 36. Ke6 Kf8 37. Nd4 Rd6+ 38. Ke5 Ra6 39. Rc8+ Kf7 40. Rc7 Ke8 41. Nf5 Bf6+ 42. Ke4 h5 43. d6 Ra5 44. Ng7+ Bxg7 45. Rxg7 b6 46. a4 Kd8 47. f3 Rc5 48. Rxa7 Rc3 49. Rg7 Re3+ 50. Kd5 Rxf3 51. Rxg5 h4 1/2-1/2

[Event "Kesan op 16th"]
[Site "Kesan"]
[Date "2018.08.17"]
[Round "9"]
[White "Aydincelebi, Kagan"]
[Black "Gezici, Omer Ata"]
[Result "1-0"]
[WhiteElo "2138"]
[BlackElo "1697"]
[PlyCount "69"]
[EventDate "2018.08.12"]
[EventType "swiss"]
[EventRounds "9"]
[EventCountry "TUR"]
[SourceTitle "CBM 186 Extra"]
[Source "ChessBase"]
[SourceDate "2018.08.24"]
[SourceVersion "1"]
[SourceVersionDate "2018.08.24"]
[SourceQuality "1"]

1. e4 c5 2. Nf3 g6 3. d4 cxd4 4. Nxd4 Nc6 5. Nc3 Bg7 6. Be3 Nf6 7. Bc4 0-0 8. Bb3 d6 9. f3 Bd7 10. Qd2 Nxd4 11. Bxd4 b5 12. Nd5 Nxd5 13. Bxg7 Kxg7 14. exd5 Qb6 15. 0-0-0 a5 16. a3 Rfc8 17. g4 Rc5 18. h4 h6 19. h5 g5 20. Qd4+ Kg8 21. Rhe1 Re8 22. Kb1 a4 23. Ba2 Qa7 24. c3 Rc7 25. Qd3 f5 26. Ka1 Bc8 27. f4 gxf4 28. Qf3 fxg4 29. Qxf4 Rf8 30. Qxh6 Rf6 31. Qg5+ Kh8 32. h6 Rf7 33. Qg6 e5 34. dxe6 Rfe7 35. Rf1 1-0

[Event "TUR-chT 1st League"]
[Site "Konya"]
[Date "2018.07.17"]
[Round "3.11"]
[White "Keskin, Osman Orcun"]
[Black "Gezici, Omer Ata"]
[Result "1-0"]
[WhiteElo "1678"]
[BlackElo "1777"]
[PlyCount "79"]
[EventDate "2018.07.16"]
[EventType "team-swiss"]
[EventRounds "9"]
[EventCountry "TUR"]
[SourceTitle "EXT 2019"]
[Source "ChessBase"]
[SourceDate "2018.10.10"]
[SourceVersion "1"]
[SourceVersionDate "2018.10.10"]
[SourceQuality "1"]
[WhiteTeam "Burdurspor Dernegi"]
[BlackTeam "Bogazici Universitesi"]
[WhiteTeamCountry "TUR"]
[BlackTeamCountry "TUR"]

1. d4 d5 2. Nf3 Nf6 3. c4 c6 4. e3 e6 5. Nc3 Nbd7 6. Bd3 dxc4 7. Bxc4 b5 8. Bd3 Bb7 9. 0-0 a6 10. a3 c5 11. Re1 Qb6 12. dxc5 Nxc5 13. b4 Nxd3 14. Qxd3 Be7 15. Bb2 0-0 16. Qe2 Rac8 17. Rac1 Rc7 18. Nb1 Rfc8 19. Bd4 Qd6 20. Be5 Rxc1 21. Bxd6 Bxd6 22. Qd2 R1c6 23. Nd4 Rc4 24. f3 Nd5 25. Qf2 Be5 26. Nb3 R4c7 27. Rd1 Rc2 28. Qe1 Bb8 29. Nc5 Ba7 30. Rd2 Bxc5 31. bxc5 R2xc5 32. e4 Nb6 33. Kf2 g6 34. Qd1 Kg7 35. Rd8 Rc2+ 36. Kg3 R8c5 37. Qd4+ Kh6 38. h4 f6 39. Qxf6 Rc7 40. Qf4+ 1-0